书目信息 |
| 题名: |
帝国主义与中国政治
|
|
| 作者: | 胡绳 著 | |
| 分册: | ||
| 出版信息: | 北京 人民出版社 1952.7 |
|
| 页数: | 203页 | |
| 开本: | 20cm | |
| 丛书名: | ||
| 单 册: | ||
| 中图分类: | K251.06 | |
| 科图分类: | ||
| 主题词: | 中国--历史--1840~1949 | |
| 电子资源: | ||
| ISBN: | ||
| 000 | 00592nam0 2200205 45 | |
| 001 | 0312221749 | |
| 005 | 20070926150802.78 | |
| 010 | @dCNY0.52 | |
| 091 | @a11001.170 | |
| 092 | @a11001.170 | |
| 100 | @a20031222d1952 km y0chiy0120 ea | |
| 101 | @achi | |
| 200 | 1 | @a帝国主义与中国政治@ADi Guo Zhu Yi Yu Zhong Guo Zheng Zhi@f胡绳著@FHu Sheng Zhu |
| 210 | @a北京@c人民出版社@d1952.7 | |
| 215 | @a203页@d20cm | |
| 606 | 0 | @a中国@x历史@z1840~1949 |
| 690 | @aK251.06@v3 | |
| 701 | 0 | @a胡绳@4著 |
| 801 | @aCN@bTSTCL@c20070926 | |
| 905 | @dK251.06@e1@f4@b66418-421@b66426@f3@b66428-430@f1 | |
| 帝国主义与中国政治/胡绳著.-北京:人民出版社,1952.7 |
| 203页;20cm |
| ISBN :CNY0.52 |
| ● |
| 相关链接 |
|
|
|
|
正题名:帝国主义与中国政治
索取号:K251.06/1
 
预约/预借
| 序号 | 登录号 | 条形码 | 馆藏地/架位号 | 状态 | 备注 |
| 1 | 0015334 | 202199995 | 密集书库/ [索取号:K251.06/1] | 在馆 | |
| 2 | 0066417 | 202345621 | 密集书库/ [索取号:K251.06/1] | 在馆 | |
| 3 | 0066418 | 000677823 | 第二借阅区/ [索取号:K251.06/1] | 在馆 | |
| 4 | 0066419 | 000677789 | 第二借阅区/ [索取号:K251.06/1] | 在馆 | |
| 5 | 0066420 | 000677805 | 第二借阅区/ [索取号:K251.06/1] | 在馆 | |
| 6 | 0066421 | 000677841 | 第二样本阅览室/ [索取号:K251.06/1] | 在馆 | |
| 7 | 0066422 | 001902891 | 密集书库/ [索取号:K251.06/1] | 在馆 | |
| 8 | 0066423 | 001902935 | 密集书库/ [索取号:K251.06/1] | 在馆 | |
| 9 | 0066424 | 001902971 | 密集书库/ [索取号:K251.06/1] | 在馆 | |
| 10 | 0066425 | 001903015 | 密集书库/ [索取号:K251.06/1] | 在馆 | |
| 11 | 0066426 | 000564730 | 第二借阅区/ [索取号:K251.06/1] | 在馆 | |
| 12 | 0066427 | 202345186 | 密集书库/ [索取号:K251.06/1] | 在馆 | |
| 13 | 0066428 | 000677770 | 第二借阅区/ [索取号:K251.06/1] | 在馆 | |
| 14 | 0066429 | 000677832 | 第二借阅区/ [索取号:K251.06/1] | 在馆 | |
| 15 | 0066430 | 000677798 | 第二借阅区/ [索取号:K251.06/1] | 在馆 | |
| 16 | 0066431 | 001903051 | 密集书库/ [索取号:K251.06/1] | 在馆 | |
| 17 | 0066432 | 001858109 | 密集书库/ [索取号:K251.06/1] | 在馆 | |
| 18 | 0424668 | 204246681 | 密集书库/ [索取号:K251.06/1] | 在馆 | |
| 19 | 0436946 | 204369469 | 密集书库/ [索取号:K251.06/1] | 在馆 | |
| 20 | 0436947 | 204369478 | 密集书库/ [索取号:K251.06/1] | 在馆 | |
| 21 | 0444072 | 204440729 | 密集书库/ [索取号:K251.06/1] | 在馆 | |
| 22 | 0444928 | 204449285 | 密集书库/ [索取号:K251.06/1] | 在馆 | |
| 23 | 0444935 | 204449356 | 密集书库/ [索取号:K251.06/1] | 在馆 | |
| 24 | 0609292 | 206092921 | 密集书库/ [索取号:K251.06/1] | 在馆 |